Smallest World Capitals A-Z - Statistics

General Stats
  • This quiz has been taken 136 times
  • The average score is 16 of 24
Answer Stats
Area (km²) Capital % Correct
V .44 Vatican City
93%
Q 372.39 Quito
85%
H 22 Honiara
82%
U 4,704.4 Ulaanbaatar
82%
Z 641 Zagreb
82%
F 2.4 Funafuti
80%
Y 1.5 Yaren
80%
A 12 Andorra la Vella
78%
O 480.75 Oslo
75%
I 220.15 Islamabad
74%
P 7 Palikir
69%
J 52 Juba
65%
C 79 Castries / Cotonou
61%
R 12 Roseau
61%
N 17.6 Nuku'alofa
59%
D 26 Djibouti
58%
M 1.95 Malé
54%
L 51.46 Luxembourg
53%
W 177 Washington, D.C.
53%
S 1.8 Saint George's
52%
G 22 Gitega
51%
K 22.7 Kingston
49%
B 6.1 Basseterre
46%
T 26.1 Thimphu
25%
No matching quizzes found
Score Distribution
Percent of People with Each Score
Percentile by Number Answered
Your Score History
You have not taken this quiz